000 00470nam a2200169Ia 4500
999 _c785
_d785
003 OSt
005 20210915133824.0
008 190216s9999||||xx |||||||||||||| ||und||
040 _coclc
082 _a297
_bABA/M
100 _aAbabatheen, Ahamad Ibn Muhammad
_98739
245 0 _aAl Marathu Raeyath /
_cAhamad Ibn Muhammad Ababatheen
260 _bAl Awkaf K S A,
300 _a53p
650 _aArabic
942 _cBK
_2ddc
_h297
_iABA/M
_k297
_mABA/M